[Event "OP-2013-0-03168"]
[Site "LSS email"]
[Date "2013.12.11"]
[Round "?"]
[White "Turk, Tonyukuk"]
[Black "Lenz, Juergen"]
[Result "0-1"]
[WhiteElo "1120"]
[BlackElo "1003"]
[PlyCount "40"]
[EventDate "2013.12.08"]
[EventType "tourn (corr)"]
[EventRounds "4"]
[EventCountry "GER"]
[SourceTitle "Telechess CBM 167"]
[Source "ChessBase"]
[SourceDate "2015.07.13"]
[SourceVersion "1"]
[SourceVersionDate "2015.07.13"]
[SourceQuality "1"]

1. Nf3 Nf6 2. c4 d6 3. Nc3 c6 4. g3 e5 5. Bg2 Bf5 6. 0-0 h6 7. d4 Qc7 8. Nh4 Bh7 9. e4 Be7 10. Nf5 Bxf5 11. exf5 0-0 12. h3 Nbd7 13. g4 Nh7 14. Kh1 Rad8 15. f4 exd4 16. Qxd4 Bf6 17. Qxa7 Nc5 18. Qa3 Ra8 19. Qb4 Nd3 20. Qb3 Nc5 0-1

[Event "ZL-2010-0-00742"]
[Site "LSS email"]
[Date "2010.07.27"]
[Round "?"]
[White "Matugin, Sergei"]
[Black "Turk, Tonyukuk"]
[Result "1-0"]
[WhiteElo "1727"]
[BlackElo "1200"]
[PlyCount "33"]
[EventDate "2010.07.22"]
[EventType "match (corr)"]
[EventRounds "2"]
[EventCountry "GER"]
[SourceTitle "Corr 2013"]
[Source "ChessBase"]
[SourceDate "2012.11.12"]
[SourceVersion "1"]
[SourceVersionDate "2012.11.12"]
[SourceQuality "1"]

1. e4 c5 2. Nf3 Nc6 3. d4 cxd4 4. Nxd4 e5 5. Nb5 a6 6. Nd6+ Bxd6 7. Qxd6 Qf6 8. Qxf6 Nxf6 9. Nc3 d5 10. exd5 Nb4 11. Bd3 Nxd3+ 12. cxd3 Bf5 13. Bg5 Bxd3 14. Rd1 Bf5 15. Bxf6 gxf6 16. 0-0 Kd7 17. d6 1-0

[Event "OP-2010-0-01212"]
[Site "LSS email"]
[Date "2010.07.23"]
[Round "?"]
[White "Bester, Kazimierz"]
[Black "Turk, Tonyukuk"]
[Result "1-0"]
[WhiteElo "735"]
[BlackElo "1200"]
[PlyCount "37"]
[EventDate "2010.07.16"]
[EventType "tourn (corr)"]
[EventRounds "4"]
[EventCountry "GER"]
[SourceTitle "Telechess CBM 143"]
[Source "ChessBase"]
[SourceDate "2011.07.15"]
[SourceVersion "1"]
[SourceVersionDate "2011.07.15"]
[SourceQuality "1"]

1. f4 c5 2. Nf3 g6 3. e3 Bg7 4. c3 d6 5. Be2 Nf6 6. 0-0 0-0 7. d4 cxd4 8. cxd4 Nbd7 9. Nbd2 Ng4 10. Ne1 Nxe3 11. Qa4 Nxf1 12. Kxf1 Nb6 13. Qb5 Bxd4 14. Ndf3 Bg7 15. Be3 Bd7 16. Qb3 Be6 17. Qd1 Bxb2 18. Rb1 Bg7 19. a4 1-0

[Event "OP-2010-0-01212"]
[Site "LSS email"]
[Date "2010.07.23"]
[Round "?"]
[White "Kampmann, Marcel"]
[Black "Turk, Tonyukuk"]
[Result "1-0"]
[WhiteElo "1541"]
[BlackElo "1200"]
[PlyCount "35"]
[EventDate "2010.07.16"]
[EventType "tourn (corr)"]
[EventRounds "4"]
[EventCountry "GER"]
[SourceTitle "Telechess CBM 143"]
[Source "ChessBase"]
[SourceDate "2011.07.15"]
[SourceVersion "1"]
[SourceVersionDate "2011.07.15"]
[SourceQuality "1"]

1. c4 g6 2. d4 Nf6 3. Nc3 Bg7 4. e4 d6 5. Nf3 0-0 6. Be3 e5 7. dxe5 dxe5 8. Qc2 Qe7 9. Nd5 Nxd5 10. cxd5 Qb4+ 11. Nd2 b6 12. Bc4 Ba6 13. a3 Qe7 14. Bxa6 Nxa6 15. Rc1 Rac8 16. 0-0 Nb8 17. Qa4 a5 18. Rc2 1-0